|
|
|
|
| LEADER |
00000nab a2200000 a 4500 |
| 001 |
vtls009304950 |
| 003 |
SK-MaSNL |
| 005 |
20260304153033.0 |
| 008 |
250506c2008 xo qr|p|||||||000 b|slo |
| 015 |
|
|
|a SNBRB2008/06
|2 snkbucl
|
| 035 |
|
|
|a (uuid)5ac2ab34-6574-4fc4-a31a-3febcf916491
|
| 035 |
|
|
|a urn:nbn:sk:snk-abdrhk
|
| 035 |
|
|
|a (urnnbn)urn:nbn:sk:snk:ar-0019pv
|
| 038 |
|
|
|a SNKBUCL
|
| 040 |
|
|
|a SNKBUCL
|b slo
|c SNKBUCL
|e AACR2
|
| 041 |
0 |
|
|a slo
|
| 044 |
|
|
|a xo
|c SK
|
| 080 |
|
|
|a 808.54:159.943
|2 2001
|
| 080 |
|
|
|a 159.943:808.54
|2 2001
|
| 100 |
1 |
|
|a Čajková, Jaroslava,
|d 1957-
|4 aut
|9 7935
|
| 245 |
1 |
0 |
|a Pohyb v umeleckom prednese
|c Jaroslava Čajková
|
| 300 |
|
|
|b Fotogr.
|
| 650 |
0 |
7 |
|a umelecký prednes
|x celoslovenské kolo
|y 23.2.2007
|2 snkbucl
|9 101607
|
| 650 |
0 |
7 |
|a pohyb
|x umelecký prednes
|2 snkbucl
|9 1475844
|
| 773 |
0 |
|
|t Javisko
|g Roč. 40, č. 2 (2008), s. 13-14
|x 0323-2883
|
| 850 |
|
|
|a Slovenská národná knižnica
|
| 852 |
|
|
|a Slovenská národná knižnica
|
| 954 |
|
|
|a odborná, vedecká literatúra pôvodná (slovenská)
|2 lita
|
| 958 |
|
|
|a article19
|
| 958 |
|
|
|a OND
|
| 958 |
|
|
|a EUIPO
|
| 999 |
|
|
|c 2952182
|d 2954112
|